[Event "ROU-ch Men 2018"]
[Site "Olanesti"]
[Date "2018.05.17"]
[Round "4"]
[White "Manolache, Marius"]
[Black "Deac, Bogdan-Daniel"]
[Result "1/2-1/2"]
[WhiteElo "2499"]
[BlackElo "2575"]
[Annotator "TA"]
[PlyCount "121"]
[EventDate "2018.??.??"]
[EventType "swiss"]
[EventCountry "ROU"]
[SourceTitle "playchess.com"]
[Source "ChessBase"]
[SourceQuality "1"]

{[%evp 13,121,-11,47,-4,5,2,41,42,47,42,54,45,27,34,52,41,47,50,43,35,46,52,46,60,33,11,41,24,36,35,118,62,91,72,73,81,78,55,65,36,65,31,50,41,53,17,42,8,8,8,8,8,9,9,1,6,46,15,47,48,46,65,138,74,83,76,113,114,119,89,92,95,90,106,75,54,50,33,29,0,51,8,8,0,50,45,42,46,53,20,22,23,37,18,18,8,8,7,18,19,17,8,0,0,0,0,0,0,0,0]} 1. d4 Nf6 2. c4 e6 3. Nf3 d5 4. Bg5 dxc4 5. Nc3 a6 6. e3 {D24: Queen's Gambit Accepted: 3 Nf3 Nf6 4 Nc3} b5 7. a4 b4 {LiveBook: 3 Games} (7... c6 $1 $11) 8. Nb1 (8. Ne4 $14) 8... c3 $146 ({Predecessor:} 8... Bb7 9. Bxc4 Nbd7 10. Nbd2 Be7 11. Nb3 c5 12. dxc5 Nxc5 13. Qxd8+ Rxd8 14. Nxc5 Bxc5 15. Ke2 Rc8 16. Nd2 Nd7 17. Bd3 Be7 18. Bxe7 {½-½ (18) Zvjaginsev,V (2655)-Makarov,M (2540) Elista 1998}) 9. bxc3 bxc3 10. Bd3 Bb4 11. O-O Bb7 12. Qc2 c5 {[#] Hoping for ...Bxf3.} 13. Nxc3 Bxc3 14. Qxc3 Bxf3 15. gxf3 cxd4 16. Qa3 Qe7 17. Qb2 {And now Bxf6 would win.} Nbd7 18. Qxd4 h6 19. Bxf6 Qxf6 (19... Nxf6 {is more complex.} 20. Rac1 O-O 21. Rfd1 Rfd8 22. Qc5 Qb7) 20. Qe4 Qg5+ $1 21. Kh1 Qd5 (21... Ke7 $1 $14) 22. Rg1 (22. Rfc1 $16) 22... g6 23. Rgc1 Ke7 24. Qxd5 exd5 25. a5 Rhb8 26. Rc2 Rb4 27. Kg2 Ra7 28. Rc6 Nb8 29. Rc5 Kd6 30. Rac1 Ra4 $1 31. e4 dxe4 32. Bxe4 Nd7 33. Rd5+ Ke7 34. Rc6 $36 {[%mdl 2048] White is pushing.} Rb4 35. Bd3 Nb8 36. Re5+ Kd8 37. Rf6 Rbb7 ({Black should play} 37... Nd7 $14 38. Rd6 Kc7) 38. Be4 (38. f4 $142) 38... Re7 39. Rd5+ Rad7 40. Rb6 Kc8 41. Rc5+ Rc7 42. Bb7+ Kd8 43. Rxc7 Kxc7 44. Bxa6 $16 {[%mdl 4096] [#] Endgame Strongly threatening Rb7+. KRB-KRN} Nc6 $1 45. Rb5 Kd6 $1 46. Rb6 Kc7 47. Rb7+ Kd6 48. Rb6 {Threatens to win with Bb7.} Kc7 49. f4 Nxa5 50. Rf6 Nc6 51. Bc4 Nd8 52. f5 Re5 53. Bd3 gxf5 {The position is equal.} 54. Bxf5 Rd5 $1 55. Bg4 Rd6 56. Rf4 Rg6 57. Kh3 Kd6 58. Kh4 Ke7 59. Re4+ Kf8 60. Rf4 Ne6 61. Bxe6 {Precision: White = 55%, Black = 56%.} 1/2-1/2

[Event "ROU-ch Men 2018"]
[Site "Olanesti"]
[Date "2018.05.17"]
[Round "4"]
[White "Gavrilescu, David"]
[Black "Dumitru, Matei-Ioan"]
[Result "1-0"]
[WhiteElo "2442"]
[BlackElo "2164"]
[Annotator "TA"]
[PlyCount "79"]
[EventDate "2018.??.??"]
[EventType "swiss"]
[EventCountry "ROU"]
[SourceTitle "playchess.com"]
[Source "ChessBase"]
[SourceQuality "1"]

{[%evp 28,79,40,23,55,37,59,32,47,0,65,72,48,12,54,48,47,36,47,0,2,-18,-17,-29,0,-26,-14,-18,-13,-22,0,0,52,52,89,63,108,94,103,110,178,161,183,81,157,167,167,110,309,309,292,302,585,580]} 1. e4 e5 2. Nf3 Nc6 3. Bc4 Nf6 4. d3 Bc5 5. c3 d6 6. Bb3 a6 7. O-O O-O 8. h3 Ba7 9. Re1 Ne7 10. Nbd2 Ng6 11. Nf1 h6 12. Ng3 Re8 13. d4 b5 14. a4 Bb7 15. Bc2 c5 {C54: Giuoco Piano: 4 c3 Nf6, main lines with 5 d4 and 5 d3} 16. Be3 Qc7 {[#]} 17. d5 $146 ({Predecessor:} 17. Qd2 Kh7 18. Nf5 Nxe4 19. Qc1 cxd4 20. Bxh6 d3 21. Ng5+ Nxg5 22. Qxg5 Qc6 23. Bxd3 Qxg2+ 24. Qxg2 Bxg2 25. Kxg2 gxh6 {½-½ (25) Dvirnyy,D (2540)-Maiorov,N (2563) Tortoreto 2015}) 17... Bc8 {White is slightly better.} 18. Qd2 Kh7 (18... c4 $1 $11) 19. axb5 $14 axb5 20. Ra2 (20. c4 $5) 20... Bd7 (20... c4 $5 {[%cal Ra7e3]} 21. Qd1 Qb7 $14) 21. Rea1 Qb7 22. b4 Bb6 23. Bd3 Rec8 24. Nf5 Rxa2 25. Qxa2 ({Much weaker is} 25. Rxa2 Bxf5 26. exf5 Ne7 $17) 25... Qc7 (25... Bxf5 $5 26. exf5 Ne7 27. Bxb5 Qc7 $11) 26. g4 cxb4 27. cxb4 Bxe3 28. fxe3 Qc3 29. Qa3 $1 $36 {[%mdl 2048] White has the initiative.} Ne8 (29... Bxf5 $11 30. gxf5 Ne7) 30. Kf2 Nf8 31. Ke2 g6 32. Ne7 Qxa3 33. Rxa3 Rb8 {[#]} (33... Rc7 $16) 34. Ra7 $1 $18 Kg7 35. Nd2 (35. Nc6 $18 {is the precise move to win.} Rb6 36. g5) 35... Kf6 (35... Nf6 $142) 36. Nc6 $16 Rb6 37. Nb3 ({White should try} 37. Nb1 $18) 37... Bxc6 $2 (37... h5 $16) 38. dxc6 $18 Rxc6 39. Ra8 ({Don't do} 39. Bxb5 $6 Rc2+ 40. Nd2 Rc8 $16) 39... Ke7 $2 {[#]} (39... Rc3 {was worth a try.}) 40. Rxe8+ $1 {[%mdl 512] Precision: White = 39%, Black = 25%.} 1-0

[Event "ROU-ch Men 2018"]
[Site "Olanesti"]
[Date "2018.05.17"]
[Round "4"]
[White "Secheres, Adrian-Simion"]
[Black "Paraschiv, Paul-Alexandru"]
[Result "1-0"]
[WhiteElo "2404"]
[BlackElo "2131"]
[Annotator "ChessBase"]
[PlyCount "55"]
[EventDate "2018.??.??"]
[EventType "swiss"]
[EventCountry "ROU"]
[SourceTitle "playchess.com"]
[Source "ChessBase"]
[SourceQuality "1"]
[TimeControl "40/5400+30:1800+30"]

1. d4 {[%emt 0:00:00]} Nf6 {[%emt 0:00:12]} 2. c4 {[%emt 0:00:04]} e6 {[%emt 0:00:06]} 3. Nc3 {[%emt 0:00:16]} Bb4 {[%emt 0:00:33]} 4. Qc2 {[%emt 0:00:17]} O-O {[%emt 0:01:50]} 5. Nf3 {[%emt 0:00:22]} b6 {[%emt 0:00:27]} 6. e4 {[%emt 0:00:39]} Bxc3+ {[%emt 0:02:15]} 7. bxc3 {[%emt 0:00:08]} Ne8 {[%emt 0:01:02]} 8. Bd3 {[%emt 0:02:17]} h6 {[%emt 0:05:45]} 9. a4 {[%emt 0:04:49]} c5 {[%emt 0:04:45]} 10. a5 {[%emt 0:03:43]} Bb7 {[%emt 0:01:29]} 11. O-O {[%emt 0:02:23]} d6 {[%emt 0:02:04]} 12. Qe2 {[%emt 0:03:09]} Qc8 {[%emt 0:03:48]} 13. d5 {[%emt 0:05:58]} e5 {[%emt 0:03:04]} 14. Nh4 {[%emt 0:02:17]} Kh7 {[%emt 0:11:04]} 15. f4 {[%emt 0:04:08]} Qd8 {[%emt 0:02:22]} 16. Nf5 {[%emt 0:04:56]} Nd7 {[%emt 0:06:43]} 17. Qh5 {[%emt 0:06:29]} Ndf6 {[%emt 0:04:34]} 18. Qh4 {[%emt 0:02:10]} Ng8 {[%emt 0:02:38]} 19. Qg3 {[%emt 0:01:54]} g6 {[%emt 0:06:54]} 20. fxe5 {[%emt 0:01:22]} dxe5 {[%emt 0:01:48]} 21. Qxe5 {[%emt 0:02:19]} f6 {[%emt 0:01:58]} 22. Qf4 {[%emt 0:02:49]} gxf5 {[%emt 0:05:48]} 23. Qxf5+ {[%emt 0:00:07]} Kh8 {[%emt 0:00:05]} 24. e5 {[%emt 0:00:06]} Qe7 {[%emt 0:00:26]} 25. e6 {[%emt 0:03:12]} Nd6 {[%emt 0:07:28]} 26. Qh5 {[%emt 0:01:15]} f5 {[%emt 0:01:03]} 27. Bf4 {[%emt 0:01:11]} Rf6 {[%emt 0:06:11]} 28. a6 {[%emt 0:01:54]} 1-0

[Event "ROU-ch Men 2018"]
[Site "Olanesti"]
[Date "2018.05.17"]
[Round "4"]
[White "Dobre, Claudiu-Cristian"]
[Black "Morariu, Daniel"]
[Result "1-0"]
[WhiteElo "2393"]
[BlackElo "1656"]
[Annotator "NA"]
[PlyCount "89"]
[EventDate "2018.??.??"]
[EventType "swiss"]
[EventCountry "ROU"]
[SourceTitle "playchess.com"]
[Source "ChessBase"]
[SourceQuality "1"]
[TimeControl "40/5400+30:1800+30"]

1. c4 {[%emt 0:00:00]} Nf6 {[%emt 0:04:23]} 2. Nc3 {[%emt 0:00:01]} e6 {[%emt 0:00:31]} 3. Nf3 {[%emt 0:00:18]} b6 {[%emt 0:03:45]} 4. e4 {[%emt 0:02:32]} Bb7 {[%emt 0:04:31]} 5. Qe2 {[%emt 0:19:13]} d6 {[%emt 0:13:06] LiveBook: 3 Games A17: English Opening: 1...Nf6 with ...Bb4} (5... c5 6. e5 Ng8 7. d4 cxd4 8. Nxd4 Nc6 9. Nxc6 Bxc6 10. h4 f6 11. Rh3 fxe5 12. Qh5+ g6 13. Qxe5 {1-0 (37) Hakobyan,A (2497)-Oparin,G (2622) Batumi 2018}) 6. d4 {[%emt 0:01:45]} Be7 {[%emt 0:01:22]} 7. g3 {[%emt 0:03:23]} Nbd7 $146 {[%emt 0:05:53]} ({Predecessor:} 7... O-O 8. Bg2 c5 9. e5 Nfd7 10. exd6 Bxd6 11. Ne4 Be7 12. O-O Nf6 13. Nxf6+ Bxf6 14. dxc5 bxc5 {½-½ (31) Vaganian,R-Polugaevsky,L Moscow (Russia) 1974}) 8. Bh3 {[%emt 0:02:37]} O-O {[%emt 0:05:48]} 9. O-O {[%emt 0:02:00]} Ne8 {[%emt 0:16:15]} 10. Ne1 {[%emt 0:08:40]} e5 {[%emt 0:06:08]} 11. d5 {[%emt 0:00:38]} Nc5 {[%emt 0:04:22]} 12. b4 {[%emt 0:01:33]} Na6 {[%emt 0:00:19]} 13. Nd3 {[%emt 0:02:33]} Bc8 {[%emt 0:00:51]} 14. Bxc8 {[%emt 0:00:37]} Qxc8 {[%emt 0:00:14]} 15. f4 {[%emt 0:02:59]} exf4 {[%emt 0:10:08]} 16. gxf4 {[%emt 0:00:45]} f5 {[%emt 0:00:24]} 17. e5 {[%emt 0:16:34]} dxe5 {[%emt 0:01:16]} 18. b5 {[%emt 0:00:10]} ({Much worse is} 18. Nxe5 $6 Bxb4 19. Bb2 Nf6 $11) 18... Nc5 {[%emt 0:11:41]} 19. fxe5 {[%emt 0:00:09]} Nxd3 {[%emt 0:00:56]} 20. Qxd3 {[%emt 0:00:14]} g6 $16 {[%emt 0:01:04]} 21. Be3 {[%emt 0:10:06]} Ng7 {[%emt 0:00:38]} 22. Ne2 {[%emt 0:02:40]} g5 {[%emt 0:00:36]} 23. Nd4 {[%emt 0:01:15]} f4 {[%emt 0:02:16]} 24. Bd2 {[%emt 0:06:29]} Bc5 {[%emt 0:00:15]} 25. Kh1 {[%emt 0:01:06]} Qg4 {[%emt 0:01:59]} 26. Rg1 {[%emt 0:06:10]} Qh5 {[%emt 0:00:03]} 27. Rg2 {[%emt 0:08:06]} g4 {[%emt 0:02:34]} 28. Rag1 {[%emt 0:00:03]} g3 {[%emt 0:00:25]} 29. Bxf4 {[%emt 0:00:55]} Rxf4 {[%emt 0:00:26]} 30. Qxg3 {[%emt 0:00:47]} Rf7 {[%emt 0:00:44]} 31. Ne6 {[%emt 0:00:33]} Bxg1 {[%emt 0:01:00]} 32. Nxg7 {[%emt 0:00:09]} Qg6 {[%emt 0:00:49]} 33. Qe1 {[%emt 0:00:50]} Qxg7 {[%emt 0:00:56]} 34. Qxg1 {[%emt 0:00:21]} Raf8 {[%emt 0:00:36]} 35. e6 {[%emt 0:00:30]} Re7 {[%emt 0:00:53]} 36. Rxg7+ {[%emt 0:00:40]} Rxg7 {[%emt 0:00:07]} 37. Qe1 {[%emt 0:00:10]} Kh8 {[%emt 0:00:55]} 38. a4 {[%emt 0:00:45]} Kg8 {[%emt 0:00:39]} 39. a5 {[%emt 0:00:31]} Re8 {[%emt 0:00:32]} 40. axb6 {[%emt 0:00:00]} axb6 {[%emt 0:00:20]} 41. c5 {[%emt 0:02:25]} Rg6 {[%emt 0:20:50]} 42. cxb6 {[%emt 0:06:00]} cxb6 {[%emt 0:00:50]} 43. h4 {[%emt 0:04:28]} h6 {[%emt 0:03:29]} 44. Qe4 {[%emt 0:10:55]} Kh7 {[%emt 0:01:16]} 45. h5 {[%emt 0:00:15]} 1-0

[Event "ROU-ch Men 2018"]
[Site "Olanesti"]
[Date "2018.05.17"]
[Round "4"]
[White "Stoleriu, George"]
[Black "Craciun, Ovidiu"]
[Result "1-0"]
[WhiteElo "2333"]
[BlackElo "1931"]
[Annotator "NA"]
[PlyCount "89"]
[EventDate "2018.??.??"]
[EventType "swiss"]
[EventCountry "ROU"]
[SourceTitle "playchess.com"]
[Source "ChessBase"]
[SourceQuality "1"]
[TimeControl "40/5400+30:1800+30"]

1. e4 {[%emt 0:00:00]} e5 {[%emt 0:00:46]} 2. Nf3 {[%emt 0:00:00]} Nc6 {[%emt 0:00:06]} 3. Bb5 {[%emt 0:00:00]} a6 {[%emt 0:00:07]} 4. Ba4 {[%emt 0:00:00]} Nf6 {[%emt 0:00:24]} 5. d3 {[%emt 0:00:00]} b5 {[%emt 0:03:41]} 6. Bb3 {[%emt 0:00:00]} Bc5 {[%emt 0:00:13]} 7. O-O {[%emt 0:00:00]} h6 {[%emt 0:01:11]} 8. Re1 {[%emt 0:00:41] C78: Ruy Lopez: Archangelsk and Möller Defences} O-O {[%emt 0:03:25]} 9. Nbd2 {[%emt 0:00:31]} d6 {[%emt 0:04:07]} 10. c3 {[%emt 0:00:05]} Be6 {[%emt 0:05:16]} (10... Ne7 11. a4 b4 12. d4 bxc3 13. bxc3 exd4 14. cxd4 Bb4 15. Re3 Ng6 16. h3 a5 {0-1 (65) Zhigalko,S (2638)-Giri,A (2762) Heraklio 2017}) 11. Nf1 {[%emt 0:01:18]} Ng4 $146 {[%emt 0:06:46]} ({Predecessor:} 11... Bxb3 12. axb3 d5 13. b4 Bb6 14. Qe2 Ng4 15. Ne3 Nxe3 16. Bxe3 Bxe3 17. Qxe3 {1-0 (43) Fercec,N (2450)-Licardo,R (2169) Porec 2015}) 12. d4 {[%emt 0:07:37]} exd4 {[%emt 0:02:33]} 13. cxd4 {[%emt 0:00:30]} Bxb3 {[%emt 0:00:18]} 14. axb3 {[%emt 0:00:07]} Bb6 {[%emt 0:05:40]} 15. h3 {[%emt 0:02:31]} Nf6 {[%emt 0:01:22]} 16. d5 {[%emt 0:01:10]} Ne7 {[%emt 0:04:15]} 17. Be3 {[%emt 0:01:00]} Nd7 {[%emt 0:00:45]} 18. Bxb6 {[%emt 0:03:01]} Nxb6 {[%emt 0:00:46]} 19. Nd4 {[%emt 0:00:04]} Qd7 {[%emt 0:04:07]} 20. Ne3 {[%emt 0:05:58]} c5 {[%emt 0:04:31]} 21. dxc6 {[%emt 0:00:12]} Nxc6 {[%emt 0:00:11]} 22. Nxc6 {[%emt 0:00:16]} Qxc6 {[%emt 0:00:07]} 23. Nf5 {[%emt 0:00:58]} Kh7 {[%emt 0:06:44]} 24. Qd4 {[%emt 0:03:25]} f6 {[%emt 0:01:40]} 25. Rac1 {[%emt 0:00:10]} Qb7 {[%emt 0:01:29]} 26. Nxd6 {[%emt 0:00:55]} Rad8 {[%emt 0:00:49]} 27. Red1 {[%emt 0:00:51]} Qb8 {[%emt 0:02:34]} 28. Qc5 {[%emt 0:01:42]} Nc8 {[%emt 0:05:59]} 29. Nf5 {[%emt 0:02:10]} Qf4 {[%emt 0:02:49]} 30. Qe3 {[%emt 0:06:21]} (30. Qc6 $18) 30... Qe5 {[%emt 0:06:41]} 31. Qg3 {[%emt 0:05:07]} Qxg3 {[%emt 0:02:48]} 32. Nxg3 {[%emt 0:00:15]} Rxd1+ {[%emt 0:01:14]} 33. Rxd1 {[%emt 0:00:05]} Rf7 {[%emt 0:00:13]} 34. Rc1 {[%emt 0:00:42]} Nb6 {[%emt 0:03:50]} 35. Rc6 {[%emt 0:00:05]} Rb7 {[%emt 0:00:09]} 36. Nf5 {[%emt 0:00:09]} g6 {[%emt 0:10:47]} 37. Nd6 {[%emt 0:03:58]} ({Schlechter ist} 37. Rxf6 gxf5 38. Rxf5 Nd7 $11) 37... Rb8 {[%emt 0:00:13]} 38. f4 {[%emt 0:01:30]} Kg8 $18 {[%emt 0:01:20]} 39. e5 {[%emt 0:03:40]} fxe5 {[%emt 0:00:26]} 40. fxe5 {[%emt 0:00:00]} a5 {[%emt 0:03:01]} 41. Ne4 {[%emt 0:03:50]} Kg7 {[%emt 0:01:38]} 42. Rc7+ {[%emt 0:00:17]} Kf8 {[%emt 0:00:13]} 43. Nf6 {[%emt 0:00:25]} Rd8 {[%emt 0:03:29]} 44. e6 {[%emt 0:00:12]} Nd5 {[%emt 0:00:41]} 45. Rf7# {[%emt 0:00:04]} 1-0

[Event "ROU-ch Men 2018"]
[Site "Olanesti"]
[Date "2018.05.17"]
[Round "4"]
[White "Banzea, Alexandru-Bogdan"]
[Black "Horvat, Dan-Sebastian"]
[Result "1/2-1/2"]
[WhiteElo "2325"]
[BlackElo "2152"]
[Annotator "NA"]
[PlyCount "92"]
[EventDate "2018.??.??"]
[EventType "swiss"]
[EventCountry "ROU"]
[SourceTitle "playchess.com"]
[Source "ChessBase"]
[SourceQuality "1"]
[TimeControl "40/5400+30:1800+30"]

1. e4 {[%emt 0:00:00]} c5 {[%emt 0:05:00]} 2. Nf3 {[%emt 0:00:00]} d6 {[%emt 0:00:12]} 3. Bb5+ {[%emt 0:00:51]} Nc6 {[%emt 0:02:04]} 4. O-O {[%emt 0:00:16]} Bd7 {[%emt 0:02:50]} 5. Re1 {[%emt 0:00:15]} Nf6 {[%emt 0:00:51]} 6. c3 {[%emt 0:00:34]} a6 {[%emt 0:01:20]} 7. Bf1 {[%emt 0:00:21]} e5 {[%emt 0:10:24]} 8. h3 {[%emt 0:00:58]} Be7 {[%emt 0:00:39]} 9. d4 {[%emt 0:00:25]} Qc7 {[%emt 0:02:36] LiveBook: 49 Games} 10. d5 {[%emt 0:03:21] B51: Sicilian: Moscow Variation (3 Bb5+) without 3...Bd7} Nd8 {[%emt 0:02:04]} 11. a4 {[%emt 0:00:21]} b6 {[%emt 0:01:49]} 12. Na3 {[%emt 0:00:38]} O-O {[%emt 0:02:55]} 13. b4 {[%emt 0:01:51]} Nb7 {[%emt 0:02:59] [#]} 14. Bb2 $146 {[%emt 0:09:02]} ({Predecessor:} 14. Bd2 g6 15. b5 a5 16. Nc4 Nh5 17. Nh2 Nd8 {1-0 (80) Ye,J (2667)-Radjabov,T (2628) Bled 2002}) 14... g6 {[%emt 0:05:17]} 15. Nc4 {[%emt 0:02:52]} b5 {[%emt 0:03:09]} 16. axb5 {[%emt 0:00:30]} axb5 {[%emt 0:00:08]} 17. Na3 {[%emt 0:00:34]} c4 {[%emt 0:00:53]} 18. Bc1 {[%emt 0:01:38]} Ra6 {[%emt 0:01:34]} 19. Rb1 {[%emt 0:09:39]} Rfa8 {[%emt 0:01:57]} 20. Nc2 {[%emt 0:00:18]} Nd8 {[%emt 0:09:50]} 21. Nh2 {[%emt 0:06:16]} Nh5 {[%emt 0:04:13]} 22. Be2 {[%emt 0:05:54]} Ng7 {[%emt 0:00:38]} 23. Ng4 {[%emt 0:03:02]} f6 {[%emt 0:03:45]} (23... f5 $15 24. Nh6+ Kh8) 24. Nh6+ {[%emt 0:01:59]} Kf8 {[%emt 0:00:29]} 25. f4 {[%emt 0:00:24]} Nf7 {[%emt 0:03:27]} 26. Nxf7 {[%emt 0:04:16]} Kxf7 {[%emt 0:00:09]} 27. Rf1 {[%emt 0:00:32]} Kg8 {[%emt 0:03:43]} 28. Be3 {[%emt 0:01:32]} f5 {[%emt 0:04:14]} 29. Bf3 {[%emt 0:05:24]} fxe4 {[%emt 0:07:02]} 30. Bxe4 {[%emt 0:00:31]} Bf5 {[%emt 0:00:48]} 31. Qf3 $1 {[%emt 0:03:48]} Rf8 {[%emt 0:07:29]} 32. fxe5 {[%emt 0:02:26]} dxe5 $11 {[%emt 0:01:25]} 33. g4 {[%emt 0:04:36]} Bxe4 {[%emt 0:05:59]} 34. Qxe4 {[%emt 0:00:13]} Ne8 {[%emt 0:00:35]} 35. Qg2 {[%emt 0:05:34]} Nf6 {[%emt 0:02:56]} 36. Bh6 {[%emt 0:01:54]} Rf7 {[%emt 0:01:47]} 37. Ne3 {[%emt 0:01:10]} Bf8 {[%emt 0:00:19]} 38. Bxf8 {[%emt 0:01:26]} Rxf8 {[%emt 0:00:42]} 39. Rbe1 {[%emt 0:02:29]} Qd6 {[%emt 0:00:59]} 40. g5 {[%emt 0:00:00]} Nh5 {[%emt 0:00:34]} 41. Rxf8+ {[%emt 0:04:59]} Kxf8 {[%emt 0:03:51]} 42. Qf2+ {[%emt 0:05:08]} Kg7 {[%emt 0:10:21]} 43. Ng2 {[%emt 0:13:50]} Qxd5 {[%emt 0:04:52]} 44. Qe3 {[%emt 0:00:29]} Ra2 {[%emt 0:02:26]} 45. Qxe5+ {[%emt 0:00:33]} Qxe5 {[%emt 0:00:06]} 46. Rxe5 {[%emt 0:00:05]} Rc2 {[%emt 0:00:32]} 1/2-1/2

[Event "ROU-ch Men 2018"]
[Site "Olanesti"]
[Date "2018.05.17"]
[Round "4"]
[White "Posedaru, Bogdan"]
[Black "Toma, Mihail"]
[Result "1-0"]
[WhiteElo "2307"]
[BlackElo "1835"]
[Annotator "NA"]
[PlyCount "65"]
[EventDate "2018.??.??"]
[EventType "swiss"]
[EventCountry "ROU"]
[SourceTitle "playchess.com"]
[Source "ChessBase"]
[SourceQuality "1"]
[TimeControl "40/5400+30:1800+30"]

1. d4 {[%emt 0:00:00]} Nf6 {[%emt 0:00:19]} 2. c4 {[%emt 0:00:00]} c5 {[%emt 0:00:52]} 3. d5 {[%emt 0:00:00]} e6 {[%emt 0:00:14]} 4. Nc3 {[%emt 0:00:00]} exd5 {[%emt 0:00:07]} 5. cxd5 {[%emt 0:00:00]} d6 {[%emt 0:00:02]} 6. e4 {[%emt 0:00:00]} g6 {[%emt 0:00:16]} 7. Nge2 {[%emt 0:00:04]} Bg7 {[%emt 0:01:46]} 8. Ng3 {[%emt 0:00:05]} O-O {[%emt 0:01:25]} 9. Be2 {[%emt 0:00:05]} b6 {[%emt 0:04:49]} 10. a4 {[%emt 0:01:25] A65: Modern Benoni: 6 e4} a5 $146 {[%emt 0:04:49]} ({Predecessor:} 10... Ba6 11. Nb5 h5 12. f3 h4 13. Nf1 Bxb5 14. axb5 Nbd7 15. Bg5 h3 16. g4 Qe8 17. Ng3 Qe5 {½-½ (55) Adianto,U (2535)-Benjamin,J (2620) Philadelphia 1994}) 11. O-O {[%emt 0:02:45]} Ba6 {[%emt 0:00:58]} 12. Nb5 {[%emt 0:08:17]} Bxb5 {[%emt 0:00:20]} 13. Bxb5 {[%emt 0:00:37]} Na6 {[%emt 0:01:04]} 14. Bg5 {[%emt 0:03:07]} h6 {[%emt 0:05:26]} 15. Bd2 {[%emt 0:01:04]} Nb4 {[%emt 0:00:51]} 16. Bc3 {[%emt 0:00:37]} Ra7 {[%emt 0:05:51]} 17. Qd2 {[%emt 0:11:57]} h5 {[%emt 0:05:08]} 18. f3 {[%emt 0:01:24]} Kh7 {[%emt 0:03:05]} 19. b3 {[%emt 0:05:30]} h4 {[%emt 0:02:58]} 20. Ne2 {[%emt 0:03:21]} Nh5 {[%emt 0:04:23]} 21. g4 {[%emt 0:04:53]} hxg3 {[%emt 0:00:50]} 22. hxg3 {[%emt 0:00:15]} Bxc3 {[%emt 0:04:55]} 23. Qxc3 {[%emt 0:00:19]} Qf6 {[%emt 0:04:31]} 24. Qd2 {[%emt 0:01:01]} (24. Kf2 $16) 24... Rh8 {[%emt 0:06:52]} 25. Kg2 {[%emt 0:04:29]} g5 {[%emt 0:05:07]} 26. Rh1 {[%emt 0:06:08]} Kg6 $2 {[%emt 0:01:39]} (26... Kg7 $16 {was necessary.} 27. Raf1 Qe5) 27. Rae1 {[%emt 0:06:46]} (27. g4 $18) 27... Rh7 $2 {[%emt 0:09:35]} (27... Rh6 $16 28. Ref1 Qe5) 28. e5 {[%emt 0:13:51]} Qxe5 {[%emt 0:05:19]} 29. g4 $18 {[%emt 0:05:16]} Nf4+ {[%emt 0:01:11]} 30. Nxf4+ {[%emt 0:00:06]} Qxf4 {[%emt 0:00:18]} 31. Bd3+ {[%emt 0:00:47]} Nxd3 {[%emt 0:02:56]} 32. Qxd3+ {[%emt 0:00:04]} f5 {[%emt 0:00:02]} 33. gxf5+ {[%emt 0:00:32]} 1-0

[Event "ROU-ch Men 2018"]
[Site "Olanesti"]
[Date "2018.05.17"]
[Round "4"]
[White "Pisu, Robert-Daniel"]
[Black "Manea, Alexandru"]
[Result "1-0"]
[WhiteElo "2254"]
[BlackElo "2402"]
[Annotator "NA"]
[PlyCount "85"]
[EventDate "2018.??.??"]
[EventType "swiss"]
[EventCountry "ROU"]
[SourceTitle "playchess.com"]
[Source "ChessBase"]
[SourceQuality "1"]
[TimeControl "40/5400+30:1800+30"]

1. d4 {[%emt 0:00:00]} d6 {[%emt 0:10:20]} 2. Nf3 {[%emt 0:00:00]} Bg4 {[%emt 0:00:08]} 3. e4 {[%emt 0:00:32]} c6 {[%emt 0:00:07]} 4. h3 {[%emt 0:03:11]} Bh5 {[%emt 0:00:11] B12: Caro-Kann: Advance Variation} 5. Nc3 {[%emt 0:00:24]} Nd7 {[%emt 0:00:09]} 6. Qe2 {[%emt 0:03:43]} e5 {[%emt 0:01:00]} 7. g4 {[%emt 0:00:15]} Bg6 {[%emt 0:00:06] LiveBook: 5 Games} 8. h4 {[%emt 0:03:05]} (8. Bg2 Be7 9. h4 h6 10. Bd2 Ngf6 11. Bh3 Qb6 12. dxe5 dxe5 {1-0 (30) Riazantsev,A (2671)-Plat,V (2532) Tallinn 2016}) 8... h6 {[%emt 0:02:02]} 9. dxe5 {[%emt 0:10:56]} dxe5 {[%emt 0:03:34]} 10. h5 {[%emt 0:17:34]} Bh7 {[%emt 0:00:06]} 11. Nh4 $146 {[%emt 0:00:05]} (11. Bd2 $16) ({Predecessor:} 11. g5 hxg5 12. Bxg5 {½-½ (38) Royer,S (2242)-Caposciutti,M (2353) Clichy 2002}) 11... Qb6 {[%emt 0:03:19]} 12. Bd2 {[%emt 0:07:51]} Qxb2 {[%emt 0:26:49]} 13. Rb1 {[%emt 0:00:31]} Qxc2 {[%emt 0:00:16]} 14. Ng2 {[%emt 0:04:43]} Ngf6 {[%emt 0:25:43]} 15. Ne3 {[%emt 0:00:42]} Qxb1+ {[%emt 0:00:02]} 16. Nxb1 {[%emt 0:00:05]} Bxe4 {[%emt 0:00:03]} 17. Bg2 $1 {[%emt 0:04:57]} Bxb1 {[%emt 0:00:08]} 18. Bc3 {[%emt 0:20:47]} Nc5 $11 {[%emt 0:02:51]} 19. Nc2 {[%emt 0:05:02]} Bxc2 {[%emt 0:09:12]} 20. Qxc2 {[%emt 0:00:05]} Bd6 {[%emt 0:00:06]} 21. Bxe5 {[%emt 0:02:58]} Bxe5 {[%emt 0:01:31]} 22. Qxc5 {[%emt 0:00:05]} O-O-O {[%emt 0:06:08]} 23. O-O {[%emt 0:00:36]} Bd4 {[%emt 0:02:56]} 24. Qf5+ {[%emt 0:02:06]} Kb8 {[%emt 0:01:57]} 25. Rb1 {[%emt 0:00:08]} Bb6 {[%emt 0:02:05]} 26. a4 {[%emt 0:00:22]} Nd5 {[%emt 0:00:35]} 27. Bxd5 {[%emt 0:03:32]} Rxd5 {[%emt 0:01:02]} 28. Qxf7 {[%emt 0:00:13]} Rhd8 {[%emt 0:00:09]} 29. Qxg7 {[%emt 0:03:46]} Rg5 {[%emt 0:00:10]} 30. Qxh6 {[%emt 0:00:55]} Rxg4+ {[%emt 0:00:15]} 31. Kf1 {[%emt 0:00:14]} Rxa4 {[%emt 0:00:50]} 32. Qf6 {[%emt 0:01:30]} Ra2 {[%emt 0:01:55]} 33. Rxb6 {[%emt 0:02:22]} Rd1+ {[%emt 0:00:01]} 34. Kg2 {[%emt 0:00:05]} axb6 {[%emt 0:00:02]} 35. Qf8+ {[%emt 0:00:40]} Ka7 {[%emt 0:00:02]} 36. h6 {[%emt 0:00:10]} Raa1 {[%emt 0:01:52]} 37. h7 {[%emt 0:00:23]} Rg1+ {[%emt 0:00:02]} 38. Kf3 {[%emt 0:00:07]} Rh1 {[%emt 0:01:02]} 39. h8=Q {[%emt 0:00:06]} Rxh8 {[%emt 0:00:04]} 40. Qxh8 {[%emt 0:00:00]} Ra3+ {[%emt 0:00:04]} 41. Kg4 {[%emt 0:01:50]} c5 {[%emt 0:00:26]} 42. f4 {[%emt 0:00:56]} c4 {[%emt 0:00:01]} 43. Qd4 {[%emt 0:00:28]} 1-0